Statistics for Canadian Provincial Capitals

Click here to take the quiz!

General Stats

  • This quiz has been taken 196 times
    (185 since last reset)
  • The average score is 11 of 13

Answer Stats

ProvinceCapital% Correct
QuebecQuebec City
96%
OntarioToronto
96%
AlbertaEdmonton
90%
British ColumbiaVictoria
89%
SaskatchewanRegina
87%
ManitobaWinnipeg
87%
Nova ScotiaHalifax
84%
Northwest TerritoriesYellowknife
84%
Newfoundland & LabradorSt. John's
80%
YukonWhitehorse
80%
Prince Edward IslandCharlottetown
73%
NunavutIqaluit
67%
New BrunswickFredericton
65%

Score Distribution

Percentile by Number Answered

Percent of People with Each Score

Your Score History

You have not taken this quiz since the last reset